| 000 | 02426cam a22005654i 4500 | ||
|---|---|---|---|
| 003 | PE-LiUPU | ||
| 005 | 20250731172944.0 | ||
| 008 | 150616s r 000 0 d | ||
| 020 | _a8429305106 | ||
| 035 | _a(Sirsi) i9788429305104 | ||
| 040 |
_aPE-LiUPU _bspa _cPE-LiUPU _erda |
||
| 049 | _aPRUA | ||
| 082 | 0 | 4 |
_a241.5312 _bG63 _221 |
| 100 | 1 |
_aGoffi, Tullo, _eautor. |
|
| 245 | 1 | 0 |
_aEtica cristiana en una inculturacion marxista / _cTulio Goffi. |
| 264 | 1 |
_aSantander : _bEditorial Sal Terrae, _c1978. |
|
| 300 |
_a136 páginas ; _c21 centímetros |
||
| 336 |
_atext _2rdacontent |
||
| 337 |
_aunmediated _2rdamedia |
||
| 338 |
_avolume _2rdacarrier |
||
| 490 | 0 |
_aColección Punto Limite ; _v6 |
|
| 500 | _aLibro registrado sin ficha. | ||
| 504 | _aIncluye bibliografía. | ||
| 505 | 0 | _aLa postura de la iglesia frente al marxismo -- La ética cristiana frente a la cultura actual -- Problemas religiosos inculturados en sentido marxista -- Etica cristiana inculturación marxista. | |
| 526 | _aSEG42 | ||
| 526 | _aSEG41 | ||
| 526 | _aSEG40 | ||
| 526 | _aSEG39 | ||
| 526 | _aP94 | ||
| 526 | _aP87 | ||
| 526 | _aP86 | ||
| 526 | _aP85 | ||
| 526 | _aP77 | ||
| 526 | _aP76 | ||
| 526 | _aP35 | ||
| 650 | 0 | 4 |
_aEtica cristiana. _91047 |
| 910 |
_ajck _bjvq _cjck |
||
| 942 |
_2ddc _cBOOK |
||
| 949 |
_a241.5312 G63 _wDEWEY _c1 _i17604 _lCCODEBUL1 _mBUL _r0 _sY _tBOOK _u2015-4-23 _xTEOLOGIA _zUNKNOWN _0COMPRA _o.STAFF. Colección General |
||
| 949 |
_a241.5312 G63 _wDEWEY _c2 _i37593 _lCCODEBUL1 _mBUL _r0 _sY _tBOOK _u2015-6-16 _xTEOLOGIA _PP35 _0COMPRA _o.STAFF. Colección General |
||
| 949 |
_a241.5312 G63 _wDEWEY _c3 _i25304 _lCCODEBUL1 _mBUL _r0 _sY _tBOOK _u2015-4-23 _xTEOLOGIA _zUNKNOWN _0COMPRA _o.STAFF. Colección General |
||
| 994 |
_aC0 _bPEPRU |
||
| 596 | _a1 | ||
| 999 |
_a241.5312 G63 _wDEWEY _c21578 _i17604 _f2021-11-11 _g5 _lCCODEBUL1 _mBUL _r0 _sY _tBOOK _u2015-4-23 _xTEOLOGIA _zUNKNOWN _0COMPRA _o.STAFF. Colección General _d21578 |
||
| 999 |
_a241.5312 G63 _wDEWEY _c2 _i37593 _f2021-11-11 _g5 _lCCODEBUL1 _mBUL _r0 _sY _tBOOK _u2015-6-16 _xTEOLOGIA _PP35 _0COMPRA _o.STAFF. Colección General |
||
| 999 |
_a241.5312 G63 _wDEWEY _c3 _i25304 _f2021-11-11 _g5 _lCCODEBUL1 _mBUL _r0 _sY _tBOOK _u2015-4-23 _xTEOLOGIA _zUNKNOWN _0COMPRA _o.STAFF. Colección General |
||
| 980 |
_81 _gALBERTO SANCHEZ Responsable de Automatización |
||